CAS, CERN Accelerator School : proceedings, Advanced accelerator physics, the Queen's College, Oxford, England, 16-27 September 1985 ; editor, S. Turner.

Bibliographic Details
Corporate Author: CERN Accelerator School
Other Authors: Turner, S. (Stuart), 1935-
Format: Conference Proceeding Book
Language:English
Published: Geneva : European Organization for Nuclear Research, [1987]
Series:CERN (Series) ; 87-03.
Subjects:

MARC

Tag First Indicator Second Indicator Subfields
LEADER 00000cam a2200000 a 4500
001 in00000015789
005 20151007052612.0
008 871017s1987 sz a b i10000 eng d
035 |a (OCoLC)16864318 
035 |9 AAA8469AM 
040 |a CLU  |c CLU  |d TXA  |d UtOrBLW 
049 |a TXAM  |v 1 [A11025719]  |v 2 [A11025769] 
050 4 |a QC770  |b .E82 no. 87-03 
245 0 0 |a CAS, CERN Accelerator School :  |b proceedings, Advanced accelerator physics, the Queen's College, Oxford, England, 16-27 September 1985 ; editor, S. Turner. 
264 1 |a Geneva :  |b European Organization for Nuclear Research,  |c [1987] 
300 |a 2 volumes (xiv, 836 pages) :  |b illustrations ;  |c 30 cm. 
336 |a text  |b txt  |2 rdacontent 
337 |a unmediated  |b n  |2 rdamedia 
338 |a volume  |b nc  |2 rdacarrier 
490 1 |a CERN ;  |v 87-03 
500 |a "21 April 1987." 
504 |a Includes bibliographies. 
650 0 |a Particle accelerators  |v Congresses. 
700 1 |a Turner, S.  |q (Stuart),  |d 1935- 
711 2 |a CERN Accelerator School. 
830 0 |a CERN (Series) ;  |v 87-03. 
999 |a MARS 
999 f f |s 9e577ab2-c01c-3fae-93a5-2305d09d4bcf  |i 26471808-24fe-3a23-b091-5207bbb1a534  |t 0 
952 f f |p ric  |a Texas A&M University  |b Rellis Campus  |c Joint Library Facility  |d Remote Storage  |t 0  |e QC770 .E82 no. 87-03  |h Library of Congress classification  |i unmediated -- volume  |k v.2  |m A14811025769 
952 f f |p ric  |a Texas A&M University  |b Rellis Campus  |c Joint Library Facility  |d Remote Storage  |t 0  |e QC770 .E82 no. 87-03  |h Library of Congress classification  |i unmediated -- volume  |k v.1  |m A14811025719 
998 f f |a QC770 .E82 no. 87-03  |s v.1-v.2  |t 0  |l Remote Storage